000
00253nam a2200109Ia 4500
008
190216s9999||||xx |||||||||||||| ||und||
100
_a
Norman Teffars A
245
0
_a
W B Yeat The Poems
260
_b
Edward Arnold Ltd
650
_a
English
942
_c
BK
999
_c
12406
_d
12406